000 00585nam a2200181Ia 4500
003 GCL
008 140319s9999 xx 000 0 ara d
040 _aGCL /
_cGCL
082 0 4 _aع
_b547.12
_bو ا
100 1 _aعبدالقادر فطين
245 1 0 _aاسس الكيمياء العضوية /
_cعبدالقادر فطين
700 1 _aفوزى غالى بدار (مراجع)
260 _a[S.N] :
_bلجنة الاعلام والدراسات المستقبلية ،
_c1966
300 _a521 ص
490 _a
650 0 4 _aالكيمياء العضوية
942 _2ddc
_cBK
999 _c30343
_d30343